| 000 | 02393nam a2200517 a 4500 | ||
|---|---|---|---|
| 999 |
_c150965 _d150965 |
||
| 003 | BLK | ||
| 005 | 20240422141623.0 | ||
| 008 | 180410b bul|||||r ||||||| ||bul|| | ||
| 010 | _aKNG00157320000 | ||
| 040 | _aBLK | ||
| 041 |
_aBUL _cBUL |
||
| 072 | 7 |
_2bullib _aК _xКраезнание |
|
| 080 |
_aКомунистически партии. Вж и 327.323 _b329.15 _x(497.2)БКП(092) _z329.15(497.2)БКП(092) |
||
| 080 |
_aМихайлов, Георги Димитров. Български политик, ръководител на БКП и генерален секретар на Коминтерна, министър-председател _b929 Димитров, Георги _z929 Димитров, Георги |
||
| 100 |
_aРадков, Иван Кънчев _d1929-2007 _gБълг. историк, русенски общественик, доцент, доктор на историческите науки, професор. Учител в Русе от 1953 до 1956 г. Директор на Окр. истор. музей в Русе от 1956 до 1970 г. _9365519 |
||
| 139 |
_aРадков, Иван Кънчев _bД 58 |
||
| 245 | 1 | 0 |
_aГеорги Димитров и работническото движение в Русе _b[Очерк] _cИван Кънчев Радков. |
| 257 | _aBGR | ||
| 260 |
_aРусе _bОкр. съвет на проф. съюзи _c1972 |
||
| 300 |
_a80 с. _bс ил. _c20 см |
||
| 380 | _a3 | ||
| 500 | _a3 000 тир. | ||
| 600 | 1 | 4 |
_aДимитров, Георги _9246718 |
| 650 | 4 |
_aБКП - дейци _9242529 |
|
| 650 | 4 |
_aБКП - местни партийни организации _9296529 |
|
| 651 | 4 |
_aБългария _9241624 |
|
| 651 | 4 |
_aРусе _9179462 |
|
| 653 | _aБКП | ||
| 653 | _aкомунисти | ||
| 653 | _aпартийни организации | ||
| 653 | _aГеорги Димитров | ||
| 653 | _aРусе | ||
| 659 | _aК | ||
| 852 |
_aЦб 61961 _bЦб |
||
| 852 | _aК 329(092)/Д 58 Г | ||
| 856 | 4 | _qpdf | |
| 856 | 4 | _qpdf | |
| 942 |
_cKNG _n0 _s1 |
||
| 944 |
_aCR _c28.02.2014 _lСевдалина Тодорова _k30540 |
||
| 944 |
_aED _c10.09.2015 _l28.02.2014 - от С1,Р / 28.02.2014 _kВаля_Йорданова |
||
| 944 |
_aED _c2022-07-29 _kВП |
||
| 999 | _d150965 | ||
| 999 | _d150965 | ||
| 999 | _d150965 | ||
| 999 | _d150965 | ||